<?xml version="1.0" encoding="UTF-8"?>
<record
    xmlns:xsi="http://www.w3.org/2001/XMLSchema-instance"
    xsi:schemaLocation="http://www.loc.gov/MARC21/slim http://www.loc.gov/standards/marcxml/schema/MARC21slim.xsd"
    xmlns="http://www.loc.gov/MARC21/slim">

  <leader>01068nam0a22002891  4500</leader>
  <controlfield tag="001">rc\3385145</controlfield>
  <controlfield tag="005">20260406095601.0</controlfield>
  <datafield tag="035" ind1=" " ind2=" ">
    <subfield code="a">(NLR Aleph) 007454585</subfield>
  </datafield>
  <datafield tag="090" ind1=" " ind2=" ">
    <subfield code="a">7252012</subfield>
    <subfield code="c">7252012</subfield>
  </datafield>
  <datafield tag="100" ind1=" " ind2=" ">
    <subfield code="a">20130115d1969    u  y0rusy50      ca</subfield>
  </datafield>
  <datafield tag="101" ind1="0" ind2=" ">
    <subfield code="a">rus</subfield>
  </datafield>
  <datafield tag="102" ind1=" " ind2=" ">
    <subfield code="a">RU</subfield>
  </datafield>
  <datafield tag="105" ind1=" " ind2=" ">
    <subfield code="a">y   z   |||c|</subfield>
  </datafield>
  <datafield tag="200" ind1="1" ind2=" ">
    <subfield code="a">&#x41E;&#x43C;&#x441;&#x43A;&#x43E;&#x439; &#x432;&#x44B;&#x441;&#x448;&#x435;&#x439; &#x448;&#x43A;&#x43E;&#x43B;&#x435; &#x43C;&#x438;&#x43B;&#x438;&#x446;&#x438;&#x438; - 50 &#x43B;&#x435;&#x442;</subfield>
    <subfield code="e">(&#x41A;&#x440;&#x430;&#x442;&#x43A;&#x438;&#x439; &#x438;&#x441;&#x442;. &#x43E;&#x447;&#x435;&#x440;&#x43A;)</subfield>
  </datafield>
  <datafield tag="210" ind1=" " ind2=" ">
    <subfield code="a">&#x41E;&#x43C;&#x441;&#x43A;</subfield>
    <subfield code="c">&#x411;. &#x438;.</subfield>
    <subfield code="d">1969</subfield>
  </datafield>
  <datafield tag="215" ind1=" " ind2=" ">
    <subfield code="a">28 &#x441;.</subfield>
    <subfield code="d">20</subfield>
  </datafield>
  <datafield tag="300" ind1=" " ind2=" ">
    <subfield code="a">&#x41D;&#x430; &#x43E;&#x431;&#x43B;. &#x430;&#x432;&#x442;. &#x43D;&#x435; &#x443;&#x43A;&#x430;&#x437;&#x430;&#x43D;</subfield>
  </datafield>
  <datafield tag="333" ind1=" " ind2=" ">
    <subfield code="a">&#x414;&#x43B;&#x44F; &#x441;&#x43B;&#x443;&#x436;&#x435;&#x431;&#x43D;&#x43E;&#x433;&#x43E; &#x43F;&#x43E;&#x43B;&#x44C;&#x437;&#x43E;&#x432;&#x430;&#x43D;&#x438;&#x44F;. &#x42D;&#x43A;&#x437;. &#x2116; 3</subfield>
  </datafield>
  <datafield tag="532" ind1="1" ind2="1">
    <subfield code="a">&#x41E;&#x43C;&#x441;&#x43A;&#x43E;&#x439; &#x432;&#x44B;&#x441;&#x448;&#x435;&#x439; &#x448;&#x43A;&#x43E;&#x43B;&#x435; &#x43C;&#x438;&#x43B;&#x438;&#x446;&#x438;&#x438; - &#x43F;&#x44F;&#x442;&#x44C;&#x434;&#x435;&#x441;&#x44F;&#x442; &#x43B;&#x435;&#x442;</subfield>
  </datafield>
  <datafield tag="700" ind1=" " ind2="1">
    <subfield code="a">&#x410;&#x43B;&#x435;&#x43A;&#x441;&#x435;&#x435;&#x432;</subfield>
    <subfield code="b">&#x418;. &#x420;.</subfield>
    <subfield code="g">&#x418;&#x432;&#x430;&#x43D; &#x420;&#x43E;&#x43C;&#x430;&#x43D;&#x43E;&#x432;&#x438;&#x447;</subfield>
  </datafield>
  <datafield tag="701" ind1=" " ind2="1">
    <subfield code="7">ca</subfield>
    <subfield code="8">rus</subfield>
    <subfield code="a">&#x41D;&#x438;&#x43A;&#x43E;&#x43B;&#x430;&#x435;&#x432;</subfield>
    <subfield code="b">&#x41F;. &#x424;.</subfield>
    <subfield code="c">&#x43A;&#x430;&#x43D;&#x434;. &#x438;&#x441;&#x442;. &#x43D;&#x430;&#x443;&#x43A;</subfield>
    <subfield code="f">1925-</subfield>
    <subfield code="g">&#x41F;&#x435;&#x442;&#x440; &#x424;&#x435;&#x434;&#x43E;&#x440;&#x43E;&#x432;&#x438;&#x447;</subfield>
    <subfield code="3">RU\NLR\AUTH\770287986</subfield>
    <subfield code="9">2690737</subfield>
  </datafield>
  <datafield tag="801" ind1=" " ind2="0">
    <subfield code="a">RU</subfield>
    <subfield code="b">NLR</subfield>
    <subfield code="g">psbo</subfield>
  </datafield>
  <datafield tag="801" ind1=" " ind2="1">
    <subfield code="a">RU</subfield>
    <subfield code="b">ELAR</subfield>
    <subfield code="2">rusmarc</subfield>
  </datafield>
  <datafield tag="852" ind1=" " ind2=" ">
    <subfield code="a">NLR</subfield>
    <subfield code="j">50&#x41A;/22174</subfield>
  </datafield>
  <datafield tag="942" ind1=" " ind2=" ">
    <subfield code="c">BOOK</subfield>
  </datafield>
  <datafield tag="980" ind1=" " ind2=" ">
    <subfield code="a">NB</subfield>
  </datafield>
  <datafield tag="995" ind1=" " ind2=" ">
    <subfield code="5">2013-10-26</subfield>
    <subfield code="b">NLR01</subfield>
    <subfield code="c">NLR01</subfield>
    <subfield code="e">NZ5</subfield>
    <subfield code="f">7454585-10</subfield>
    <subfield code="k">50&#x41A;/22174</subfield>
    <subfield code="o">0</subfield>
    <subfield code="r">BOOK</subfield>
    <subfield code="s">5022174_</subfield>
  </datafield>
</record>
